ARRUPE JESUIT UNIVERSITY

CORONAVIRUS -STOP THE SPREAD - CLEAN,DISINFECT,COVER

Faith in a hard ground (Record no. 122555)

MARC details
000 -LEADER
fixed length control field 00667nam a22001817a 4500
008 - FIXED-LENGTH DATA ELEMENTS--GENERAL INFORMATION
fixed length control field 150331b xxu||||| |||| 00| 0 eng d
020 ## - INTERNATIONAL STANDARD BOOK NUMBER
International Standard Book Number 9781845401214
050 ## - LIBRARY OF CONGRESS CALL NUMBER
Classification number BJ1011.A57 2008
100 ## - MAIN ENTRY--PERSONAL NAME
Personal name Anscombe, Gertrude Elizabeth
9 (RLIN) 16797
245 ## - TITLE STATEMENT
Title Faith in a hard ground
Remainder of title essays on religion philosophy and ethics
Statement of responsibility, etc /by Anscombe, Getrude Elizabeth Margaret
260 ## - PUBLICATION, DISTRIBUTION, ETC. (IMPRINT)
Place of publication, distribution, etc Exeter, United Kingdom
Name of publisher, distributor, etc Imprint academic
Date of publication, distribution, etc 2005
300 ## - PHYSICAL DESCRIPTION
Extent xxvi,273p. ;
Dimensions 22cm.
440 ## - SERIES STATEMENT/ADDED ENTRY--TITLE
Title St. Andrews studies in philosophy and public affairs
9 (RLIN) 16798
650 ## - SUBJECT ADDED ENTRY--TOPICAL TERM
Topical term or geographic name as entry element Ethics
9 (RLIN) 16799
700 ## - ADDED ENTRY--PERSONAL NAME
Personal name Mary, Geach (ed.)
9 (RLIN) 16800
700 ## - ADDED ENTRY--PERSONAL NAME
Personal name Luke, Gormally
9 (RLIN) 16801
942 ## - ADDED ENTRY ELEMENTS (KOHA)
Source of classification or shelving scheme Library of Congress Classification
Item type Monograph ( Printed materials)
Holdings
Withdrawn status Lost status Source of classification or shelving scheme Damaged status Not for loan Collection code Home library Current library Shelving location Date acquired Total Checkouts Full call number Barcode Date last seen Date last borrowed Price effective from Koha item type
    Library of Congress Classification     Main Collection ARRUPE LIBRARY ARRUPE LIBRARY Main Collection 31/03/2015 1 BJ1011.A57 2008 46500002583 15/12/2016 03/10/2016 31/03/2015 Monograph ( Printed materials)

 

Arrupe Library. PO Box MP320 Mt Pleasant, Harare, Zimbabwe
263 242 745411|librarian@aju.ac.zw